| 000 | 00826nam a2200217Ia 4500 | ||
|---|---|---|---|
| 003 | GCL | ||
| 008 | 140319s9999 xx 000 0 ara d | ||
| 040 |
_aGCL / _cGCL |
||
| 082 | 0 | 4 |
_a245 _bج ع |
| 100 | 1 | _aجميل ابراهيم حبيب | |
| 245 | 1 | 0 |
_aالعشائر الزبيدية فى العراق : _bومتفرعاتها والملحقة بها مع اشارة الى صلاتهم بالقحطانين / _cجميل ابراهيم حبيب |
| 250 | _aالاولى | ||
| 260 |
_aسوريا : _bدار الطليعة الجديدة ، _c2002 |
||
| 300 |
_a142 ص ؛ _c24 سم |
||
| 650 | 0 | 4 | _aالحركات الفكرية عند المسلمين |
| 650 | 0 | 4 | _aالفرق الاسلامية |
| 650 | 0 | 4 | _aالزيدية |
| 650 | 0 | 4 | _aالعراق - تاريخ |
| 650 | 0 | 4 | _aالقحطانية |
| 942 |
_2ddc _cBK |
||
| 999 |
_c5631 _d5631 |
||